000 00499nam a2200193Ia 4500
003 OSt
005 20221007083210.0
006 a|||||r|||| 00| 0
007 ta
008 221006b |||||||| |||| 00| 0 eng d
024 _a22,792
037 _cDissertations
040 _aFLL
_cFLL
_beng
041 _2eng
_aeng
100 _aElumalai K.
245 0 _aThe preamble to the Indian constitution
_b the myth and reality
942 _cDIS
_2CC
999 _c1169202
_d1169202